241206 - Quiz quotidien du 6 décembre 2024 - Statistiques

Statistiques générales
  • Ce quiz a été pris 34 fois
  • Le résultat moyen est 5 sur 10
Statistiques - réponses
Question Réponse % Correct
Quel élément est couramment présent dans les bananes ? Potassium
100%
Quel animal a été récemment aperçu en Australie-Occidentale, le plus éloigné de son habitat normal jamais observé ? (Ce pingouin a nagé plus de 3 000 km depuis l'Antarctique) Manchot empereur
75%
Lequel de ces groupes ne vient PAS du Royaume-Uni ? Nirvana
63%
Lequel de ces titres est un album de Taylor Swift ? Red
63%
Quel est le nom de famille le plus courant aux États-Unis ? Smith
63%
Qu'est-ce qu'un affogato ? Un gelato recouvert d'espresso
50%
Quel pays a brièvement été appelé *Kampuchéa démocratique* dans les années 1970 ? Cambodge
38%
Quelle ville européenne était autrefois connue sous le nom de Dantzig ? Gdańsk
38%
En quelle année le gouvernement cubain a-t-il été renversé par des révolutionnaires communistes ? 1959
25%
Quel réalisateur désigne souvent ses films comme des "joints" ? Spike Lee
13%
Aucun quiz correspondant
Distribution des résultats
% des personnes avec chaque résultat
Percentile par nombre de réponses
Votre historique - résultats
Vous n’avez pas pris ce quiz